Countries & Capitals of North America - Statistics

General Stats
  • This quiz has been taken 209 times
  • The average score is 41 of 46
Answer Stats
Continent Country/Capital % Correct
North America United States
99%
North America Canada
97%
North America Mexico
97%
North America Mexico City
97%
North America Washington, D.C.
96%
North America Bahamas
95%
North America Costa Rica
95%
North America Honduras
95%
North America Antigua and Barbuda
94%
North America Barbados
94%
North America Belize
94%
North America Grenada
94%
North America Haiti
94%
North America Nicaragua
94%
North America Panama
94%
North America Panama City
94%
North America Guatemala
93%
North America Guatemala City
93%
North America Jamaica
93%
North America Saint Lucia
93%
North America Saint Vincent and the Grenadines
93%
North America Dominica
91%
North America Dominican Republic
91%
North America Saint Kitts and Nevis
91%
North America Cuba
90%
North America Ottawa
90%
North America Trinidad and Tobago
90%
North America El Salvador
89%
North America San José
87%
North America Kingston
86%
North America Kingstown
86%
North America Port-au-Prince
86%
North America Havana
85%
North America Nassau
85%
North America Managua
84%
North America San Salvador
84%
North America Saint John's
81%
North America Port of Spain
80%
North America Bridgetown
79%
North America Santo Domingo
79%
North America Belmopan
76%
North America Castries
75%
North America Saint George's
75%
North America Tegucigalpa
73%
North America Roseau
72%
North America Basseterre
71%
No matching quizzes found
Score Distribution
Percent of People with Each Score
Percentile by Number Answered
Your Score History
You have not taken this quiz